El abastecimiento de aguas de Huelva bajo el punto de vista higiénico (Record no. 48856)

MARC details
000 -LEADER
campo de control de longitud fija 00574nam a2200169 i 4500
001 - NÚMERO DE CONTROL
campo de control 48856
003 - IDENTIFICADOR DE NÚMERO DE CONTROL
campo de control ES-MaACL
005 - FECHA Y HORA DE LA ÚLTIMA TRANSACCIÓN
campo de control 20230906161832.0
007 - CAMPO FIJO DE DESCRIPCIÓN FÍSICA--INFORMACIÓN GENERAL
campo de control de longitud fija t|
008 - DATOS DE LONGITUD FIJA--INFORMACIÓN GENERAL
campo de control de longitud fija 030701s1931 sp ||||1| spa d
100 1# - ENTRADA PRINCIPAL--NOMBRE DE PERSONA
Nombre de persona Cordero Bel, José J.
9 (RLIN) 40519
245 13 - MENCIÓN DEL TÍTULO
Título El abastecimiento de aguas de Huelva bajo el punto de vista higiénico
Resto del título : filtración y depuración de aguas potables /
Mención de responsabilidad, etc. José J. Cordero Bel.
260 ## - PUBLICACIÓN, DISTRIBUCIÓN, ETC.
Lugar de publicación, distribución, etc. Huelva :
Nombre del editor, distribuidor, etc. Diario de Huelva,
Fecha de publicación, distribución, etc. 1931.
300 ## - DESCRIPCIÓN FÍSICA
Extensión 13 h. ;
Dimensiones 21 cm.
650 #4 - PUNTO DE ACCESO ADICIONAL DE MATERIA--TÉRMINO DE MATERIA
Término de materia o nombre geográfico como elemento de entrada Agua-
Subdivisión general Abastecimiento-
Subdivisión geográfica Huelva.
9 (RLIN) 156361
852 ## - LOCALIZACIÓN
Ubicación ES-MaACL
Número de control de estantería 1762-F-16
Holdings
Estatus retirado Estado de pérdida Estado de daño No para préstamo Colección Biblioteca de origen Biblioteca actual Ubicación en estantería Fecha de adquisición Fuente de adquisición Total de préstamos Signatura topográfica completa Código de barras Visto por última vez Precio de reemplazo Tipo de ítem Koha
        Colección de folletos Biblioteca del Ateneo de Madrid Biblioteca del Ateneo de Madrid Depósito folletos 17/01/2008     1762-F-16 1051411 23/02/2023 23/02/2023 Folleto